| 000 | 00708nam a22002417a 4500 | ||
|---|---|---|---|
| 001 | 00007806 | ||
| 003 | DO-SdBNP | ||
| 005 | 20180222101128.0 | ||
| 007 | 00007806 | ||
| 008 | 160607b 2003 a xxu ||||| |||| 00| 0 spa d | ||
| 020 | _a 0439638232 | ||
| 040 |
_aBPMSU _bspa _cBPMSU |
||
| 100 | 1 | _aPark, Barbara | |
| 245 | 1 | 0 |
_aJunie B., first grader : _bone-man band / _cBarbara Park ; ilustraciones Denise Brunkus. |
| 260 |
_aNew York : _bScholastic, _c2005. |
||
| 300 |
_a87 p. : _b il. ; _c22 cm. |
||
| 490 | 1 | _aJunie B. Jones | |
| 700 | 1 | 2 |
_aBrunkus, Denise, _eil. |
| 830 | 0 | _aJunie B. Jones | |
| 942 |
_2ddc _cBK |
||
| 945 | _aInventariado, 2018 /LP | ||
| 956 |
_aLOPEREZ _b10 _c20180222 _hBPMSU |
||
| 999 |
_c10292 _d10292 |
||